| 000 | 00689nam a22002177a 4500 | ||
|---|---|---|---|
| 005 | 20170124110110.0 | ||
| 010 | _aA-381904 | ||
| 020 | _c00.00 | ||
| 035 | _aA-381904 | ||
| 037 | _bCen Lib/Ret | ||
| 040 |
_aDPL _bEN |
||
| 082 |
_a920 _bRAM |
||
| 100 |
_aRaman, Varadaraja V. _928835 |
||
| 245 |
_aSatanama : _cby Varadaraja V. Raman _bhundred great names from India's past / |
||
| 260 |
_aBombay _bPopular Prakashan _c1989 |
||
| 270 |
_bBombay _a35-C, Pandit Madan Mohan Malviya Marg, Popular Press Bldg _e400034 |
||
| 300 |
_axii,243p. _c21cm(Hb) |
||
| 650 |
_aIndia -- Biography _928836 |
||
| 650 |
_aSocial life -- History _928837 |
||
| 942 |
_2ddc _cEN _h920 _mRAM |
||
| 999 |
_c130298 _d130298 |
||